书目信息 |
| 题名: |
亚洲装饰元素
|
|
| 作者: | ;美好家园丛书编辑部 编译 | |
| 分册: | ||
| 出版信息: | 北京 中国轻工业出版社 2008.01 |
|
| 页数: | 128页 | |
| 开本: | 28cm | |
| 丛书名: | 美好家园丛书 | |
| 单 册: | ||
| 中图分类: | TU241-64 | |
| 科图分类: | ||
| 主题词: | 住宅--zhu zhai--室内装饰设计--亚洲--现代--图集 | |
| 电子资源: | ||
| ISBN: | 978-7-5019-6118-4 | |
| 000 | 01100nam 2200265 450 | |
| 001 | 012008193623 | |
| 005 | 20080130152050.31 | |
| 010 | @a978-7-5019-6118-4@dCNY38.00 | |
| 100 | @a20080130d2008 em y0chiy0120 ea | |
| 101 | 0 | @achi |
| 102 | @aCN@b110000 | |
| 105 | @aa z 000yy | |
| 106 | @ar | |
| 200 | 1 | @a亚洲装饰元素@Aya zhou zhuang shi yuan su@d= Style in Asia@f美好家园丛书编辑部编译@Fmei hao jia yuan cong shu bian ji bu bian yi@zeng |
| 210 | @a北京@c中国轻工业出版社@d2008.01 | |
| 215 | @a128页@c图@d28cm | |
| 225 | 2 | @a美好家园丛书@Amei hao jia yuan cong shu |
| 330 | @a这本书还是你购买装修材料和家居用品时的简易指南,书中的图片可以帮你确认出自己要买家具的线条、形状、颜色、种类。当你走到自己最喜欢的涂料或油漆货架前挑选颜色时,你会发现那上面的标签并非是像书中所描述的名字。 | |
| 410 | 0 | @12001 @a美好家园丛书 |
| 510 | 1 | @aStyle in Asia@zeng |
| 606 | 0 | @a住宅@Azhu zhai@x室内装饰设计@y亚洲@z现代@j图集 |
| 690 | @aTU241-64@v4 | |
| 711 | 02 | @a美好家园丛书编辑部@Amei hao jia yuan cong shu bian ji bu@4编译 |
| 801 | 0 | @aCN@bQSSK@c20080130 |
| 905 | @b281147-49@dTU241-64@eM541@f3 | |
| 亚洲装饰元素= Style in Asia/美好家园丛书编辑部编译.-北京:中国轻工业出版社,2008.01 |
| 128页:图;28cm.-(美好家园丛书) |
| ISBN 978-7-5019-6118-4:CNY38.00 |
| 这本书还是你购买装修材料和家居用品时的简易指南,书中的图片可以帮你确认出自己要买家具的线条、形状、颜色、种类。当你走到自己最喜欢的涂料或油漆货架前挑选颜色时,你会发现那上面的标签并非是像书中所描述的名字。 |
| ● |
| 相关链接 |
|
|
|
正题名:亚洲装饰元素
索取号:TU241-64/M541
 
预约/预借
| 序号 | 登录号 | 条形码 | 馆藏地/架位号 | 状态 | 备注 |
| 1 | 281147 | 202811476 | 建筑库101/101建筑库 61排4列5层/ [索取号:TU241-64/M541] | 在馆 | |
| 2 | 281148 | 202811485 | 建筑库101/101建筑库 61排4列5层/ [索取号:TU241-64/M541] | 在馆 | |
| 3 | 281149 | 202811494 | 建筑与城市规划学院资料室/101建筑库 33排2列3层/ [索取号:TU241-64/M541] | 在馆 |